<The> Great recession in the Non-EMU Visegrád Countries: A Nonlinear DSGE model with time-varying parameters

Aktuálny vývoj v krajinách: reálne HDP, úroková miera na hypotékach, nominálny výmenný kurz, vládny dlh a deficit, inflácia. Model obsahujúci podnikateľov, maloobchody, centrálne banky, zahraničný sektor a časové oneskorenia.

Gespeichert in:
Bibliographische Detailangaben
1. Verfasser: Tvrz, Stanislav
Weitere Verfasser: Vašíček, Osvald
Format: Buchkapitel
Sprache:Englisch
Schlagworte:
Tags: Tag hinzufügen
Keine Tags, Fügen Sie das erste Tag hinzu!

MARC

LEADER 00000naa a2200000 4500
001 0219239
005 20231010121138.2
041 0 |a eng 
044 |a CZ 
245 1 0 |a <The> Great recession in the Non-EMU Visegrád Countries: A Nonlinear DSGE model with time-varying parameters  |c Stanislav Tvrz, Osvald Vašíček 
520 |a Aktuálny vývoj v krajinách: reálne HDP, úroková miera na hypotékach, nominálny výmenný kurz, vládny dlh a deficit, inflácia. Model obsahujúci podnikateľov, maloobchody, centrálne banky, zahraničný sektor a časové oneskorenia. 
610 2 0 |a modely DSGE 
610 2 0 |a recesia 
610 2 0 |a modely oneskorenia 
100 1 |a Tvrz, Stanislav 
700 1 |a Vašíček, Osvald